Encyclopaedia of the Indian biography (Record no. 5552)
[ view plain ]
| 000 -LEADER | |
|---|---|
| fixed length control field | 00597nam a2200145Ia 4500 |
| 020 ## - INTERNATIONAL STANDARD BOOK NUMBER | |
| ISBN | 81-7648-088-6 |
| 082 ## - DEWEY DECIMAL CLASSIFICATION NUMBER | |
| Classification number | RR 920.05403 ENC- |
| 245 #0 - TITLE STATEMENT | |
| Title | Encyclopaedia of the Indian biography |
| 260 ## - PUBLICATION, DISTRIBUTION, ETC. (IMPRINT) | |
| Place of publication | New Delhi |
| Name of publisher | A.P.H. Publishing |
| Year of publication | 2000 |
| 500 ## - GENERAL NOTE | |
| General note | contents: 8 vols. vol.1.(A-B), (xxv, 627p.) - v.2 (C-D), (xxvii, 723p.) - v.3 (E-H), (xxv, 621p.) - v.4 (I-K), (xxvii, 698p.) - v.5 (L-N), (xxxi, 715p.) - v.6 (O-R), (xxx, 699p.) - v.7 (S), (xxv, 537p.) - v.8 (T-Z), (xxv, 472p.) |
| 650 ## - SUBJECT ADDED ENTRY--TOPICAL TERM | |
| Topical Term | India |
| Form subdivision | Biography |
| 650 ## - SUBJECT ADDED ENTRY--TOPICAL TERM | |
| Topical Term | India |
| Form subdivision | Encyclopedias |
| 700 ## - ADDED ENTRY--PERSONAL NAME | |
| Personal name | Singh, Nagendra Kr. |
| 942 ## - ADDED ENTRY ELEMENTS (KOHA) | |
| Koha item type | Books |
| Source of classification or shelving scheme | Dewey Decimal Classification |
| Withdrawn status | Lost status | Damaged status | Not for loan | Home library | Current library | Date acquired | Source of acquisition | Serial Enumeration / chronology | Bill Date | Full call number | Accession Number | Price effective from | Koha item type |
|---|---|---|---|---|---|---|---|---|---|---|---|---|---|
| NASSDOC Library | NASSDOC Library | 06/06/2007 | Gifted by : Andre Malruay Programme on I | V.1 | 2007-04-19 | RR 920.05403 ENC- | 43479 | 18/04/2019 | Reference Books | ||||
| NASSDOC Library | NASSDOC Library | 06/06/2007 | Gifted by : Andre Malruay Programme on I | V.2 | 2007-04-19 | RR 920.05403 ENC- | 43480 | 18/04/2019 | Reference Books | ||||
| NASSDOC Library | NASSDOC Library | 06/06/2007 | Gifted by : Andre Malruay Programme on I | V.3 | 2007-04-19 | RR 920.05403 ENC- | 43481 | 18/04/2019 | Reference Books | ||||
| NASSDOC Library | NASSDOC Library | 06/06/2007 | Gifted by : Andre Malruay Programme on I | V.4 | 2007-04-19 | RR 920.05403 ENC- | 43482 | 18/04/2019 | Reference Books | ||||
| NASSDOC Library | NASSDOC Library | 06/06/2007 | Gifted by : Andre Malruay Programme on I | V.5 | 2007-04-19 | RR 920.05403 ENC- | 43483 | 18/04/2019 | Reference Books | ||||
| NASSDOC Library | NASSDOC Library | 06/06/2007 | Gifted by : Andre Malruay Programme on I | V.6 | 2007-04-19 | RR 920.05403 ENC- | 43484 | 18/04/2019 | Reference Books | ||||
| NASSDOC Library | NASSDOC Library | 06/06/2007 | Gifted by : Andre Malruay Programme on I | V.7 | 2007-04-19 | RR 920.05403 ENC- | 43485 | 18/04/2019 | Reference Books | ||||
| NASSDOC Library | NASSDOC Library | 06/06/2007 | Gifted by : Andre Malruay Programme on I | V.8 | 2007-04-19 | RR 920.05403 ENC- | 43486 | 18/04/2019 | Reference Books |
